000 01169nam a2200241Ia 4500
003 OSt
005 20241001135610.0
007 ca aa aaaaa
008 201103s9999 xx 000 0 und d
040 _cSSBUL
041 _abur
082 _a၁၃၅.၃ လင်း
_b၉၇၅၄ S-SAT
100 0 _a လင်း၊ ဉီး၊ ပါဠိဆရာကြီး ။
_954764
245 1 0 _aမဟာကောသလ၏ သောဠသအိပ်မက်ခန်း /
_cအဂ္ဂမဟာပဏ္ဌိတပါဠိဆရာကြီးဉီးလင်း ၊ဆရာခိုင် နှင့် ဆရာတင်။
250 _aသတ္တမအကြိမ်။
260 _aရန်ကုန် ၊
_bပညာဝေပုလ္လပိဋကတ်စာအုပ်တိုက်၊
_c၁၉၈၁။
300 _aဂ၊၁၀၀ စာမျက်နှာ ၊
_bပုံများ၊
_c၁၉စင်တီ။
500 _aS-SAT: Dr. Sai Aung Tun Collection
650 _aအိပ်မက်
_937737
700 0 _aခိုင်၊ ဆရာ။
_950992
700 0 _aတင်၊ ဆရာ။
_950993
942 _2ddc
_cBK1
999 _c17163
_d17163